U.S. State with the Most Snake Species - Statistics

General Stats
  • This quiz has been taken 43 times
  • The average score is 9 of 10
Answer Stats
Species State % Correct
56 Florida
100%
55 New Mexico
100%
60 Arizona
97%
56 California
97%
79 Texas
97%
44 Louisiana
94%
47 Alabama
91%
48 Georgia
91%
41 Mississippi
88%
46 Oklahoma
85%
No matching quizzes found
Score Distribution
Percent of People with Each Score
Percentile by Number Answered
Your Score History
You have not taken this quiz